Miasta z Pijalniami Czekolady Wedel - Statystyki

Ogólne statystyki
  • Ten quiz został rozwiązany 48 razy
  • Średni wynik to 15 z 23
Statystyki odpowiedzi
# Miasto % Poprawnych
1 Gdańsk
98%
8 Warszawa
98%
1 Gdynia
91%
1 Kraków
91%
2 Wrocław
89%
1 Bydgoszcz
86%
2 Szczecin
86%
2 Poznań
84%
1 Toruń
84%
1 Białystok
82%
1 Katowice
82%
2 Łódź
77%
1 Lublin
77%
1 Sopot
77%
1 Kielce
66%
1 Olsztyn
64%
1 Gliwice
57%
1 Zakopane
52%
1 Zamość
25%
1 Świnoujście
18%
1 Nałęczów
9%
1 Ciechocinek
7%
1 Kazimierz Dolny
7%
Nie znaleziono quizów pasujących do podanych kryteriów
Rozkład punktacji
Procent ludzi z każdym wynikiem
Percentyl według liczby udzielonych odpowiedzi
Twoja historia wyników
Nie rozwiązałeś tego quizu